UM Logo

Growth centered development versus people centered development: (Record no. 12752)

MARC details
000 -LEADER
fixed length control field 00556nam a22001457a 4500
008 - FIXED-LENGTH DATA ELEMENTS--GENERAL INFORMATION
fixed length control field 190131b ||||| |||| 00| 0 eng d
022 ## - INTERNATIONAL STANDARD SERIAL NUMBER
International Standard Serial Number 2094-8042
082 ## - DEWEY DECIMAL CLASSIFICATION NUMBER
Edition number DPer 370.105 M72 Jan-Dec 2011 v59-60
100 ## - MAIN ENTRY--PERSONAL NAME
9 (RLIN) 36200
Personal name Forbed, Gilbert.
245 ## - TITLE STATEMENT
Title Growth centered development versus people centered development:
Remainder of title its impact on educational delivery/
Statement of responsibility, etc. Gilbert Forbed.
260 ## - PUBLICATION, DISTRIBUTION, ETC. (IMPRINT)
Place of publication, distribution, etc. Philippines:
Name of publisher, distributor, etc. In the Grade School, Inc.,
Date of publication, distribution, etc. c2011.
300 ## - PHYSICAL DESCRIPTION
Extent v60 n3, pages 109-110:
Other physical details illustrations;
Dimensions 27cm.
650 ## - SUBJECT ADDED ENTRY--TOPICAL TERM
Topical term or geographic name as entry element Social change.
9 (RLIN) 36201
942 ## - ADDED ENTRY ELEMENTS (KOHA)
Source of classification or shelving scheme Dewey Decimal Classification
Koha item type Periodicals
Holdings
Withdrawn status Lost status Source of classification or shelving scheme Damaged status Not for loan Collection code Home library Current library Date acquired Total Checkouts Full call number Date last seen Price effective from Koha item type Public note
    Dewey Decimal Classification     Periodicals UM Digos College - LIC UM Digos College - LIC 01/31/2019   DPer 370.105 M72 Jan-Dec 2011 v. 59-60 01/31/2019 01/31/2019 Periodicals Periodical article